000 00574nam a2200217 4500
003 LK-CoMWRAF
005 20231008015928.0
008 231008b1995 |||||||| |||| 00| 0 eng d
020 _a0679439218
040 _aLK-CoMWRAF
_dLK-CoMWRAF
_eLK-CoMWRAF
041 _aeng
082 _a811
_bGIB
100 _aGibran, Kahlil
245 _aThe garden of the prophet
260 _aKnopf:
_bRandom house,
_c1995
300 _a67 p. : ill. ; 15 cm.
490 _aKahlil Gibran pocket library
650 _aPROSE POEMS. AMERICAN
650 _a Mysticism--Poetry.
942 _cBK
999 _c3812
_d3812